01433nab a22002777a 4500999001500000003000400015005001700019008004100036040000700077100003100084245013800115260007300253300001500326500007500341505018300416505013900599505008900738650002100827650003300848650003100881650003100912650003400943650002300977773014201000942001301142 c6368d6368OSt20260131205758.0190603e xxum|||| |||| 00| 0 spa d cPJ 97015aTabares, Julieta C. 10aContratación electrónica y proceso ejecutivo blímites probatorios tendientes a la tutela del consumidor /cJulieta C. Tabares. cCiudad Autónoma de Buenos Aires :aThomson Reuters La Ley, b2025. ap. 260-270 aCita: TR LALEY AR/DOC/2861/2025 Publicado en: RCCyC 2025 (Diciembre). aSumario: I. Panorama del caso.— II. Fallo de la Cámara Nacional de Apelaciones en lo Comercial.— III. Las cuestiones centrales del caso en análisis.— IV. Conclusión.  aFallo comentado: CNCom., sala A ~ 09/06/2025 ~ Banco de Galicia y Buenos Aires SAU c. Baldassarre, Maximiliano Alejandro s/ ejecutivo. t¿Te interesa el texto completo? Solicitalo al correo: koha@justierradelfuego.gov.ar 0aCONTRATOS 93463 0aDEFENSA DEL CONSUMIDOR92597 0aTARJETA DE CRÉDITO91830 0aTÍTULOS EJECUTIVOS96228 0aDERECHOS DEL CONSUMIDOR92608 0aFIRMA DIGITAL92820 0271393170dCiudad Autónoma de Buenos Aires : Thomson Reuters La Ley, 2015-tRevista Código Civil y Comercial. Nº 6 - Diciembre 2025 2udccANA